[Event "EYCC 2024 - G18"]
[Site "?"]
[Date "2024.08.25"]
[Round "4.1"]
[White "Deak-Sala, Emilia"]
[Black "Orian, Noga"]
[Result "0-1"]
[BlackElo "2201"]
[WhiteElo "2037"]
[LiveChessVersion "1.4.8"]

1. e4 {[%clk 1:30:31]} c5 {[%clk 1:30:55]} 2. Nf3 {[%clk 1:30:56]} Nc6
{[%clk 1:31:16]} 3. Bb5 {[%clk 1:31:22]} g6 {[%clk 1:27:15]} 4. O-O
{[%clk 1:31:01]} Bg7 {[%clk 1:27:21]} 5. Re1 {[%clk 1:31:22]} Nf6
{[%clk 1:27:24]} 6. e5 {[%clk 1:31:46]} Nd5 {[%clk 1:27:32]} 7. Nc3
{[%clk 1:32:12]} Nc7 {[%clk 1:27:03]} 8. Bxc6 {[%clk 1:32:37]} dxc6
{[%clk 1:27:29]} 9. d3 {[%clk 1:33:02]} Bg4 {[%clk 1:25:12]} 10. h3
{[%clk 1:21:41]} Bxf3 {[%clk 1:25:26]} 11. Qxf3 {[%clk 1:22:04]} Ne6
{[%clk 1:25:09]} 12. Ne4 {[%clk 1:18:20]} O-O {[%clk 1:22:18]} 13. c3
{[%clk 1:07:01]} Qd5 {[%clk 1:20:08]} 14. Ng5 {[%clk 0:54:27]} Qxf3
{[%clk 1:17:18]} 15. Nxf3 {[%clk 0:54:54]} Rfd8 {[%clk 1:16:58]} 16. Rd1
{[%clk 0:55:11]} Rd5 {[%clk 1:16:41]} 17. Kf1 {[%clk 0:55:35]} b5
{[%clk 1:01:31]} 18. Be3 {[%clk 0:46:31]} Rad8 {[%clk 0:48:06]} 19. Ke2
{[%clk 0:43:32]} Bxe5 {[%clk 0:46:58]} 20. c4 {[%clk 0:43:16]} bxc4
{[%clk 0:47:16]} 21. Nxe5 {[%clk 0:43:38]} Rxe5 {[%clk 0:47:14]} 22. dxc4
{[%clk 0:44:01]} Rb8 {[%clk 0:46:02]} 23. b3 {[%clk 0:43:45]} Rb7
{[%clk 0:46:02]} 24. Kf3 {[%clk 0:36:01]} f5 {[%clk 0:40:43]} 25. g4
{[%clk 0:19:57]} Re4 {[%clk 0:39:50]} 26. Rd3 {[%clk 0:17:47]} Nd4+
{[%clk 0:39:17]} 27. Bxd4 {[%clk 0:17:47]} cxd4 {[%clk 0:39:38]} 28. c5
{[%clk 0:16:52]} e5 {[%clk 0:37:32]} 29. Rb1 {[%clk 0:12:35]} a5 {[%clk 0:33:29]}
30. gxf5 {[%clk 0:11:35]} Rf4+ {[%clk 0:33:26]} 31. Kg3 {[%clk 0:11:58]} gxf5
{[%clk 0:30:35]} 32. f3 {[%clk 0:11:42]} Rg7+ {[%clk 0:30:17]} 33. Kh2
{[%clk 0:12:08]} Kf7 {[%clk 0:29:03]} 34. Rc1 {[%clk 0:09:10]} Ke6
{[%clk 0:28:46]} 35. Rc4 {[%clk 0:09:25]} Rb7 {[%clk 0:28:51]} 36. Kg3
{[%clk 0:08:43]} Kd5 {[%clk 0:27:16]} 37. a4 {[%clk 0:09:05]} Rg7+
{[%clk 0:27:04]} 38. Kh2 {[%clk 0:08:50]} h5 {[%clk 0:27:00]} 0-1

[Event "EYCC 2024 - G18"]
[Site "?"]
[Date "2024.08.25"]
[Round "4.2"]
[White "Muradyan, Anahit"]
[Black "Blokhin, Sofia"]
[Result "1/2-1/2"]
[BlackElo "2052"]
[WhiteElo "1753"]
[LiveChessVersion "1.4.8"]

1. e4 {[%clk 1:30:54]} c5 {[%clk 1:30:54]} 2. Nc3 {[%clk 1:31:20]} e6
{[%clk 1:31:11]} 3. Nf3 {[%clk 1:31:45]} a6 {[%clk 1:31:16]} 4. g3
{[%clk 1:32:04]} Nc6 {[%clk 1:31:16]} 5. Bg2 {[%clk 1:32:27]} Qc7
{[%clk 1:27:35]} 6. O-O {[%clk 1:32:39]} Nf6 {[%clk 1:25:30]} 7. d4
{[%clk 1:31:20]} cxd4 {[%clk 1:17:02]} 8. Nxd4 {[%clk 1:31:34]} Be7
{[%clk 1:14:55]} 9. Be3 {[%clk 1:25:18]} Ne5 {[%clk 1:08:15]} 10. Qe2
{[%clk 1:20:16]} d6 {[%clk 1:00:11]} 11. Rad1 {[%clk 1:16:46]} Nc4
{[%clk 0:51:28]} 12. Bc1 {[%clk 1:10:22]} Rb8 {[%clk 0:47:49]} 13. a4
{[%clk 1:07:16]} Bd7 {[%clk 0:43:16]} 14. f4 {[%clk 0:58:39]} b5 {[%clk 0:39:01]}
15. axb5 {[%clk 0:56:13]} axb5 {[%clk 0:34:27]} 16. b3 {[%clk 0:55:45]} Na5
{[%clk 0:34:24]} 17. Ncxb5 {[%clk 0:42:39]} Qb6 {[%clk 0:19:45]} 18. Be3
{[%clk 0:41:30]} Bxb5 {[%clk 0:19:11]} 19. c4 {[%clk 0:41:55]} Bd7
{[%clk 0:18:05]} 20. Nxe6 {[%clk 0:40:07]} Qxb3 {[%clk 0:16:50]} 21. Nxg7+
{[%clk 0:37:45]} Kf8 {[%clk 0:17:07]} 22. e5 {[%clk 0:34:58]} Kxg7
{[%clk 0:15:01]} 23. exf6+ {[%clk 0:35:09]} Bxf6 {[%clk 0:15:03]} 24. Rxd6
{[%clk 0:32:01]} Nxc4 {[%clk 0:10:11]} 25. Bd4 {[%clk 0:21:59]} Bxd4+
{[%clk 0:07:48]} 26. Rxd4 {[%clk 0:22:25]} Qe3+ {[%clk 0:04:02]} 27. Qxe3
{[%clk 0:22:41]} Nxe3 {[%clk 0:04:27]} 28. Rxd7 {[%clk 0:22:08]} Nxf1
{[%clk 0:04:52]} 29. Bxf1 {[%clk 0:22:34]} Rhd8 {[%clk 0:04:41]} 30. Re7
{[%clk 0:21:12]} Rd2 {[%clk 0:04:25]} 31. Re3 {[%clk 0:20:45]} Rb1
{[%clk 0:03:51]} 32. Rf3 {[%clk 0:20:27]} Kf6 {[%clk 0:02:36]} 33. Re3
{[%clk 0:19:04]} Rdd1 {[%clk 0:02:38]} 34. Rf3 {[%clk 0:19:29]} Rb2
{[%clk 0:01:50]} 35. h3 {[%clk 0:18:07]} Kf5 {[%clk 0:01:45]} 36. Rd3
{[%clk 0:16:16]} Rc1 {[%clk 0:01:07]} 37. Re3 {[%clk 0:16:07]} Rbb1
{[%clk 0:01:13]} 38. Rf3 {[%clk 0:16:33]} Ke4 {[%clk 0:01:24]} 39. Rf2
{[%clk 0:16:43]} h5 {[%clk 0:00:45]} 40. f5 {[%clk 0:10:02]} f6 {[%clk 0:00:42]}
41. Kg2 {[%clk 0:08:54]} Rxf1 {[%clk 0:00:39]} 42. Rxf1 {[%clk 0:09:21]} Rxf1
{[%clk 0:01:02]} 43. Kxf1 {[%clk 0:09:49]} Kxf5 {[%clk 0:00:49]} 44. Kf2
{[%clk 0:09:59]} Ke4 {[%clk 0:00:46]} 45. Ke2 {[%clk 0:10:24]} f5
{[%clk 0:00:36]} 46. Kf2 {[%clk 0:10:04]} Ke5 1/2-1/2

[Event "EYCC 2024 - G18"]
[Site "?"]
[Date "2024.08.25"]
[Round "4.3"]
[White "Karacsonyi, Kata"]
[Black "Hernandez Tellez, Claudia"]
[Result "1-0"]
[BlackElo "2025"]
[WhiteElo "2184"]
[LiveChessVersion "1.4.8"]

1. e4 {[%clk 1:30:56]} e5 {[%clk 1:30:53]} 2. Nf3 {[%clk 1:31:21]} Nc6
{[%clk 1:31:17]} 3. Bb5 {[%clk 1:31:39]} a6 {[%clk 1:31:36]} 4. Ba4
{[%clk 1:32:02]} d6 {[%clk 1:31:46]} 5. O-O {[%clk 1:30:44]} Bd7 {[%clk 1:31:27]}
6. c3 {[%clk 1:29:14]} g6 {[%clk 1:31:18]} 7. h3 {[%clk 1:23:13]} Bg7
{[%clk 1:30:54]} 8. d4 {[%clk 1:22:19]} Nf6 {[%clk 1:25:37]} 9. Re1
{[%clk 1:19:03]} b5 {[%clk 1:25:44]} 10. Bc2 {[%clk 1:17:50]} O-O
{[%clk 1:26:05]} 11. Be3 {[%clk 1:14:25]} Re8 {[%clk 1:25:56]} 12. d5
{[%clk 1:07:33]} Na5 {[%clk 1:21:31]} 13. Nbd2 {[%clk 1:03:53]} c6
{[%clk 1:14:23]} 14. dxc6 {[%clk 0:47:17]} Bxc6 {[%clk 1:10:45]} 15. b4
{[%clk 0:42:43]} Nc4 {[%clk 0:59:19]} 16. Nxc4 {[%clk 0:42:22]} bxc4
{[%clk 0:59:45]} 17. Bg5 {[%clk 0:38:09]} Qc7 {[%clk 0:54:53]} 18. Bxf6
{[%clk 0:35:46]} Bxf6 {[%clk 0:55:14]} 19. Nd2 {[%clk 0:24:12]} Bd7
{[%clk 0:46:06]} 20. Ba4 {[%clk 0:21:46]} Bxa4 {[%clk 0:40:33]} 21. Qc2 Bb3 22.
Qxb3 {[%clk 0:22:09]} Bg5 {[%clk 0:40:55]} 23. Qa4 {[%clk 0:20:15]} Bh6
{[%clk 0:41:04]} 24. Nf3 {[%clk 0:19:04]} f5 {[%clk 0:34:36]} 25. Rad1
{[%clk 0:13:38]} Rf8 {[%clk 0:34:08]} 26. Qc2 {[%clk 0:07:41]} Qc6
{[%clk 0:34:29]} 27. Rd5 {[%clk 0:07:05]} Rf6 {[%clk 0:34:51]} 28. Red1
{[%clk 0:06:05]} Rb8 {[%clk 0:33:28]} 29. a4 {[%clk 0:04:25]} Re8 30. a5 Ref8
{[%clk 0:32:43]} 31. Qe2 {[%clk 0:02:32]} R8f7 {[%clk 0:31:18]} 32. Nd2
{[%clk 0:02:13]} Bxd2 {[%clk 0:30:48]} 33. Qxd2 {[%clk 0:02:18]} fxe4
{[%clk 0:30:06]} 34. Rxd6 {[%clk 0:02:43]} Rxd6 {[%clk 0:26:01]} 35. Qxd6
{[%clk 0:03:08]} Qa4 {[%clk 0:26:25]} 36. Qd2 {[%clk 0:01:41]} Kg7
{[%clk 0:21:50]} 37. Re1 {[%clk 0:01:36]} Rd7 {[%clk 0:21:54]} 38. Qg5
{[%clk 0:01:10]} Rf7 {[%clk 0:14:30]} 39. Qxe5+ {[%clk 0:01:34]} Kg8
{[%clk 0:14:57]} 40. Qxe4 {[%clk 0:01:33]} Qa2 {[%clk 0:15:01]} 41. Qe2
{[%clk 0:01:20]} Qb3 {[%clk 0:15:06]} 42. Qd2 {[%clk 0:01:34]} Qa4
{[%clk 0:15:18]} 43. Qd8+ {[%clk 0:01:54]} Kg7 {[%clk 0:14:31]} 44. Qd4+
{[%clk 0:02:22]} Kg8 {[%clk 0:14:49]} 45. Qxc4 {[%clk 0:02:43]} 1-0

[Event "EYCC 2024 - G18"]
[Site "?"]
[Date "2024.08.25"]
[Round "4.4"]
[White "Kapolkova, Greta"]
[Black "Siekanska, Maria"]
[Result "0-1"]
[BlackElo "2097"]
[WhiteElo "1889"]
[LiveChessVersion "1.4.8"]

1. e4 {[%clk 1:30:57]} c5 {[%clk 1:30:57]} 2. Nf3 {[%clk 1:31:21]} e6
{[%clk 1:31:23]} 3. b3 {[%clk 1:31:46]} d6 {[%clk 1:29:23]} 4. Bb2
{[%clk 1:31:43]} Nf6 {[%clk 1:29:42]} 5. e5 {[%clk 1:32:01]} dxe5
{[%clk 1:28:18]} 6. Nxe5 {[%clk 1:32:24]} a6 {[%clk 1:25:11]} 7. f4
{[%clk 1:25:49]} Be7 {[%clk 1:18:45]} 8. Nc3 {[%clk 1:22:41]} Qc7
{[%clk 1:13:59]} 9. Qf3 {[%clk 1:19:27]} O-O {[%clk 1:04:24]} 10. O-O-O
{[%clk 1:19:11]} Nbd7 {[%clk 1:03:27]} 11. Re1 {[%clk 1:17:55]} Nxe5
{[%clk 0:51:51]} 12. fxe5 {[%clk 1:18:15]} Nd7 {[%clk 0:51:51]} 13. Qh5
{[%clk 1:03:32]} f5 {[%clk 0:47:36]} 14. Nd1 {[%clk 1:01:24]} b5 {[%clk 0:45:31]}
15. Rg1 {[%clk 0:46:01]} c4 {[%clk 0:40:19]} 16. g4 {[%clk 0:44:40]} f4
{[%clk 0:39:47]} 17. g5 {[%clk 0:41:48]} g6 {[%clk 0:38:49]} 18. Qg4
{[%clk 0:39:46]} Rf5 {[%clk 0:37:04]} 19. Bg2 {[%clk 0:38:00]} Rb8
{[%clk 0:27:10]} 20. h4 {[%clk 0:31:08]} a5 {[%clk 0:22:37]} 21. Qf3
{[%clk 0:13:41]} Bb7 {[%clk 0:20:54]} 22. Qf2 {[%clk 0:07:41]} Bxg2
{[%clk 0:20:15]} 23. Rxg2 {[%clk 0:07:31]} Rc8 {[%clk 0:18:49]} 24. Kb1
{[%clk 0:06:48]} cxb3 {[%clk 0:18:18]} 25. cxb3 {[%clk 0:07:08]} a4
{[%clk 0:18:16]} 26. d4 {[%clk 0:05:39]} a3 {[%clk 0:18:09]} 27. Bc3
{[%clk 0:04:35]} b4 {[%clk 0:18:32]} 28. d5 {[%clk 0:03:13]} bxc3
{[%clk 0:17:50]} 29. dxe6 {[%clk 0:02:15]} Nxe5 {[%clk 0:17:00]} 0-1

[Event "EYCC 2024 - G18"]
[Site "?"]
[Date "2024.08.25"]
[Round "4.5"]
[White "Alexandri, Dimitra"]
[Black "Tokarz, Izabela"]
[Result "1/2-1/2"]
[BlackElo "1941"]
[WhiteElo "2008"]
[LiveChessVersion "1.4.8"]

1. d4 {[%clk 1:30:57]} d5 {[%clk 1:30:56]} 2. c4 {[%clk 1:31:17]} e6
{[%clk 1:31:24]} 3. Nc3 {[%clk 1:31:39]} Nf6 {[%clk 1:31:51]} 4. cxd5
{[%clk 1:31:58]} exd5 {[%clk 1:32:20]} 5. Bg5 {[%clk 1:32:14]} Bb4
{[%clk 1:32:46]} 6. Qa4+ {[%clk 1:24:55]} Nc6 {[%clk 1:33:13]} 7. e3
{[%clk 1:24:03]} h6 {[%clk 1:32:12]} 8. Bxf6 {[%clk 1:17:14]} Qxf6
{[%clk 1:32:09]} 9. Bb5 {[%clk 1:14:52]} Bd7 {[%clk 1:32:10]} 10. Nf3
{[%clk 1:10:29]} a6 {[%clk 1:09:46]} 11. O-O {[%clk 1:00:19]} Bxc3
{[%clk 1:09:35]} 12. bxc3 {[%clk 1:00:40]} O-O {[%clk 1:08:27]} 13. Be2
{[%clk 0:59:37]} Qd6 {[%clk 0:49:09]} 14. Qb3 {[%clk 0:51:05]} Bf5
{[%clk 0:45:14]} 15. Nd2 {[%clk 0:45:49]} Na5 {[%clk 0:43:54]} 16. Qb4
{[%clk 0:44:25]} Qb6 {[%clk 0:37:25]} 17. Qxb6 {[%clk 0:38:09]} cxb6
{[%clk 0:37:53]} 18. c4 {[%clk 0:37:48]} dxc4 {[%clk 0:37:54]} 19. Nxc4
{[%clk 0:37:58]} Nxc4 {[%clk 0:38:19]} 20. Bxc4 {[%clk 0:38:21]} Rac8
{[%clk 0:38:07]} 21. Bd5 {[%clk 0:36:29]} Rc7 {[%clk 0:38:36]} 22. Rfc1
{[%clk 0:26:31]} Rfc8 {[%clk 0:38:58]} 23. Rxc7 {[%clk 0:26:51]} Rxc7
{[%clk 0:39:27]} 24. a4 {[%clk 0:25:14]} Kf8 {[%clk 0:35:24]} 25. f3
{[%clk 0:22:05]} Ke7 {[%clk 0:30:08]} 26. e4 {[%clk 0:18:48]} Bd7
{[%clk 0:27:34]} 27. Rb1 {[%clk 0:12:48]} b5 {[%clk 0:28:03]} 28. e5
{[%clk 0:11:00]} Bf5 {[%clk 0:24:25]} 29. Rb4 {[%clk 0:09:26]} Bd3
{[%clk 0:22:54]} 30. axb5 {[%clk 0:08:50]} Bxb5 {[%clk 0:23:01]} 31. Be4
{[%clk 0:08:41]} b6 {[%clk 0:21:29]} 32. d5 {[%clk 0:07:47]} Rc5 {[%clk 0:20:09]}
33. Kf2 {[%clk 0:04:25]} f5 {[%clk 0:17:35]} 34. exf6+ {[%clk 0:03:36]} Kxf6
{[%clk 0:17:38]} 35. Ke3 {[%clk 0:02:56]} Ke5 {[%clk 0:16:46]} 36. f4+
{[%clk 0:02:54]} Kd6 {[%clk 0:17:14]} 37. g4 {[%clk 0:02:36]} Rc1
{[%clk 0:14:42]} 38. Rb2 {[%clk 0:01:51]} Kc5 {[%clk 0:14:29]} 39. f5
{[%clk 0:01:35]} a5 {[%clk 0:14:23]} 40. Kd2 {[%clk 0:01:09]} Rg1
{[%clk 0:13:41]} 41. h3 {[%clk 0:01:20]} Rg3 {[%clk 0:13:41]} 42. Rc2+
{[%clk 0:01:07]} Kd4 {[%clk 0:12:58]} 43. Rb2 {[%clk 0:01:00]} Bc4
{[%clk 0:10:41]} 44. d6 {[%clk 0:00:39]} Kxe4 {[%clk 0:10:54]} 45. Rxb6
{[%clk 0:00:53]} Rd3+ {[%clk 0:11:08]} 46. Kc2 {[%clk 0:01:12]} Rd5
{[%clk 0:09:59]} 47. Rb7 {[%clk 0:00:52]} Rxd6 {[%clk 0:10:10]} 48. Rxg7
{[%clk 0:01:16]} a4 {[%clk 0:09:26]} 49. Kc3 {[%clk 0:00:56]} Bb3
{[%clk 0:09:35]} 50. Kb4 {[%clk 0:01:01]} Ke5 {[%clk 0:08:28]} 51. h4
{[%clk 0:00:56]} Bd1 {[%clk 0:06:40]} 52. g5 {[%clk 0:01:01]} Kxf5
{[%clk 0:04:58]} 53. gxh6 {[%clk 0:01:17]} Rxh6 {[%clk 0:05:04]} 54. Rf7+
{[%clk 0:01:25]} Ke5 {[%clk 0:04:55]} 55. Re7+ {[%clk 0:01:46]} Kf5
{[%clk 0:04:00]} 56. Rf7+ {[%clk 0:01:57]} Ke4 {[%clk 0:04:08]} 57. Rf1
{[%clk 0:01:44]} Bb3 {[%clk 0:04:14]} 58. Rh1 {[%clk 0:01:54]} Rh5
{[%clk 0:04:40]} 59. Ka3 {[%clk 0:01:54]} Kf3 {[%clk 0:05:05]} 60. Rf1+
{[%clk 0:01:59]} Kg3 {[%clk 0:05:29]} 61. Rg1+ {[%clk 0:01:14]} Kh3
{[%clk 0:05:42]} 62. Re1 {[%clk 0:00:57]} Kg2 {[%clk 0:06:00]} 63. Re4
{[%clk 0:01:03]} Kf3 {[%clk 0:06:20]} 64. Rd4 {[%clk 0:01:22]} Ke3
{[%clk 0:06:49]} 65. Rg4 {[%clk 0:01:39]} Kd3 {[%clk 0:07:03]} 66. Rg3+
{[%clk 0:01:49]} Ke2 {[%clk 0:07:05]} 67. Rg4 {[%clk 0:01:54]} Bc2
{[%clk 0:06:53]} 68. Rg2+ {[%clk 0:01:53]} Kd3 {[%clk 0:07:19]} 69. Rg3+
{[%clk 0:02:10]} Kd2 {[%clk 0:07:34]} 70. Rg2+ {[%clk 0:02:16]} Kc1
{[%clk 0:08:02]} 71. Rg1+ {[%clk 0:01:26]} Bd1 {[%clk 0:08:28]} 72. Rh1
{[%clk 0:01:33]} Kc2 {[%clk 0:07:48]} 73. Kxa4 {[%clk 0:00:57]} Kd2+
{[%clk 0:08:13]} 74. Kb4 {[%clk 0:01:17]} Rf5 {[%clk 0:08:25]} 75. Rh2+
{[%clk 0:01:18]} Be2 {[%clk 0:08:41]} 76. h5 {[%clk 0:01:24]} Rb5+
{[%clk 0:08:10]} 77. Ka4 {[%clk 0:01:32]} Rb8 {[%clk 0:08:08]} 78. h6
{[%clk 0:01:22]} Ke3 {[%clk 0:08:32]} 79. h7 {[%clk 0:01:25]} Rh8
{[%clk 0:09:00]} 80. Kb4 {[%clk 0:01:33]} Bd3 {[%clk 0:09:29]} 81. Rh3+
{[%clk 0:01:49]} Kd4 {[%clk 0:09:51]} 82. Rh4+ {[%clk 0:02:06]} Ke5
{[%clk 0:10:10]} 83. Rh5+ {[%clk 0:01:20]} Ke6 {[%clk 0:09:15]} 84. Rh6+
{[%clk 0:01:19]} Ke7 {[%clk 0:09:31]} 85. Kc3 {[%clk 0:01:07]} Bxh7
{[%clk 0:09:50]} 86. Kd4 {[%clk 0:01:18]} Rd8+ {[%clk 0:10:17]} 87. Ke5
{[%clk 0:01:35]} Bg8 {[%clk 0:10:30]} 88. Ra6 {[%clk 0:01:12]} Rd5+
{[%clk 0:10:57]} 89. Ke4 {[%clk 0:01:24]} Rb5 {[%clk 0:11:11]} 90. Kd4
{[%clk 0:01:06]} Be6 {[%clk 0:11:18]} 91. Ra1 {[%clk 0:00:57]} Bd7
{[%clk 0:10:38]} 92. Ra6 {[%clk 0:00:42]} Rh5 {[%clk 0:10:48]} 93. Ke4
{[%clk 0:00:36]} Be6 {[%clk 0:10:57]} 94. Ra7+ {[%clk 0:00:47]} Kf6
{[%clk 0:11:21]} 95. Ra6 {[%clk 0:01:10]} Rh4+ {[%clk 0:11:44]} 96. Kf3
{[%clk 0:01:04]} Ke5 {[%clk 0:12:07]} 97. Ra5+ {[%clk 0:01:03]} Bd5+
{[%clk 0:12:36]} 98. Kg3 {[%clk 0:01:21]} Rd4 {[%clk 0:12:22]} 99. Ra3
{[%clk 0:01:20]} Kf5 {[%clk 0:12:42]} 100. Ra5 {[%clk 0:01:33]} Rd3+
{[%clk 0:12:55]} 101. Kf2 {[%clk 0:01:30]} Kf4 {[%clk 0:13:19]} 102. Ke2
{[%clk 0:01:43]} Be4 {[%clk 0:13:31]} 103. Ra4 {[%clk 0:01:51]} Rh3
{[%clk 0:13:55]} 104. Kd2 {[%clk 0:01:52]} Ke5 {[%clk 0:14:20]} 105. Ra5+
{[%clk 0:02:04]} Bd5 {[%clk 0:14:48]} 106. Ra4 {[%clk 0:01:55]} Rg3
{[%clk 0:14:56]} 107. Ke2 {[%clk 0:01:50]} Be4 {[%clk 0:14:47]} 108. Ra5+
{[%clk 0:02:11]} Kf4 {[%clk 0:15:13]} 109. Kd2 {[%clk 0:02:14]} Rb3
{[%clk 0:15:14]} 110. Ra4 {[%clk 0:02:02]} Ke5 {[%clk 0:14:51]} 111. Ra5+
{[%clk 0:02:16]} Kf4 {[%clk 0:14:11]} 112. Ra4 {[%clk 0:02:32]} Rd3+
{[%clk 0:14:39]} 113. Ke2 {[%clk 0:02:40]} Rc3 {[%clk 0:15:07]} 114. Ra2
{[%clk 0:01:53]} Rh3 {[%clk 0:15:34]} 115. Rd2 {[%clk 0:00:54]} Bf3+
{[%clk 0:13:48]} 116. Kd3 {[%clk 0:00:51]} Be4+ {[%clk 0:14:07]} 117. Kd4
{[%clk 0:01:12]} Rh8 {[%clk 0:14:31]} 118. Rf2+ {[%clk 0:01:06]} Bf3
{[%clk 0:15:00]} 119. Rf1 {[%clk 0:01:12]} Rd8+ {[%clk 0:15:29]} 120. Kc5
{[%clk 0:01:24]} Ke4 {[%clk 0:15:50]} 121. Re1+ {[%clk 0:01:21]} Kf4
{[%clk 0:16:11]} 122. Rf1 {[%clk 0:01:39]} Rd2 {[%clk 0:15:08]} 123. Re1
{[%clk 0:00:59]} Be4 {[%clk 0:15:36]} 124. Rg1 {[%clk 0:00:53]} Ke5
{[%clk 0:15:22]} 125. Rg5+ {[%clk 0:00:59]} Bf5 {[%clk 0:15:50]} 126. Kc4
{[%clk 0:01:04]} Rc2+ {[%clk 0:16:18]} 127. Kb3 {[%clk 0:01:18]} Rc8
{[%clk 0:16:42]} 128. Rh5 {[%clk 0:01:16]} Ke4 {[%clk 0:17:01]} 129. Rh4+
{[%clk 0:01:30]} Kd3 {[%clk 0:17:20]} 130. Kb4 {[%clk 0:01:09]} Be4
{[%clk 0:17:49]} 131. Rh5 {[%clk 0:01:18]} Kd4 {[%clk 0:18:17]} 132. Rg5
{[%clk 0:01:13]} Rc1 {[%clk 0:18:44]} 133. Rg3 {[%clk 0:01:23]} Rc4+
{[%clk 0:19:12]} 134. Kb5 {[%clk 0:01:23]} Rc7 {[%clk 0:18:24]} 135. Rg4
{[%clk 0:01:11]} Rb7+ {[%clk 0:18:52]} 136. Ka6 {[%clk 0:01:33]} Rb2
{[%clk 0:18:56]} 1/2-1/2

[Event "EYCC 2024 - G18"]
[Site "?"]
[Date "2024.08.25"]
[Round "4.6"]
[White "Keskin, Elif"]
[Black "Bargan, Victoria"]
[Result "1/2-1/2"]
[BlackElo "1977"]
[WhiteElo "1790"]
[LiveChessVersion "1.4.8"]

1. d4 {[%clk 1:30:57]} Nf6 {[%clk 1:30:56]} 2. Nf3 {[%clk 1:31:18]} d5
{[%clk 1:31:23]} 3. c4 {[%clk 1:31:36]} c6 {[%clk 1:31:50]} 4. cxd5
{[%clk 1:31:51]} cxd5 {[%clk 1:32:16]} 5. Nc3 {[%clk 1:32:10]} Nc6
{[%clk 1:32:40]} 6. Bf4 {[%clk 1:28:47]} Bf5 {[%clk 1:32:16]} 7. Qb3
{[%clk 1:25:38]} Na5 {[%clk 1:30:56]} 8. Qa4+ {[%clk 1:24:11]} Bd7
{[%clk 1:31:14]} 9. Qc2 {[%clk 1:23:19]} e6 {[%clk 1:30:28]} 10. e3
{[%clk 1:23:15]} Rc8 {[%clk 1:29:15]} 11. Bd3 {[%clk 1:22:30]} Be7
{[%clk 1:26:50]} 12. O-O {[%clk 1:20:38]} O-O {[%clk 1:27:12]} 13. h3
{[%clk 1:18:31]} b5 {[%clk 1:26:51]} 14. a3 {[%clk 1:15:51]} Nc4 {[%clk 1:20:21]}
15. Bxc4 {[%clk 1:06:53]} bxc4 {[%clk 1:17:03]} 16. Ne5 {[%clk 1:05:14]} Be8
{[%clk 1:10:40]} 17. b3 {[%clk 0:57:34]} Nd7 {[%clk 1:08:43]} 18. bxc4
{[%clk 0:54:27]} Nxe5 {[%clk 1:09:08]} 19. Bxe5 {[%clk 0:54:33]} Rxc4
{[%clk 1:09:02]} 20. Qb2 {[%clk 0:53:11]} f6 {[%clk 1:08:11]} 21. Bg3
{[%clk 0:52:03]} Bd6 {[%clk 0:59:19]} 22. Bxd6 {[%clk 0:47:48]} Qxd6
{[%clk 0:59:44]} 23. Rfc1 {[%clk 0:46:20]} Bg6 {[%clk 0:55:14]} 24. Ne2
{[%clk 0:38:01]} Rb8 {[%clk 0:50:35]} 25. Qa2 {[%clk 0:35:16]} Bd3
{[%clk 0:44:45]} 26. Rxc4 {[%clk 0:27:44]} Bxc4 {[%clk 0:44:42]} 27. Qc2
{[%clk 0:26:46]} Rb3 {[%clk 0:44:15]} 28. a4 {[%clk 0:25:57]} Qb4
{[%clk 0:39:36]} 29. Nf4 {[%clk 0:23:41]} Rb2 {[%clk 0:22:16]} 30. Nd3
{[%clk 0:17:32]} Bxd3 {[%clk 0:11:41]} 31. Qxd3 {[%clk 0:17:49]} Qc4
{[%clk 0:09:47]} 32. Qa3 {[%clk 0:10:14]} Qc2 {[%clk 0:08:13]} 33. Rf1
{[%clk 0:09:55]} Kf7 {[%clk 0:07:42]} 34. Qc5 {[%clk 0:07:59]} Qxa4
{[%clk 0:05:35]} 1/2-1/2

[Event "EYCC 2024 - G18"]
[Site "?"]
[Date "2024.08.25"]
[Round "4.7"]
[White "Hoanca, Alexia-Ioana"]
[Black "Manko, Mariia"]
[Result "1/2-1/2"]
[BlackElo "2159"]
[WhiteElo "1966"]
[LiveChessVersion "1.4.8"]

1. e4 {[%clk 1:30:56]} c5 {[%clk 1:30:56]} 2. Nf3 {[%clk 1:31:16]} Nc6
{[%clk 1:31:19]} 3. d4 {[%clk 1:31:40]} cxd4 {[%clk 1:31:43]} 4. Nxd4
{[%clk 1:32:03]} Nf6 {[%clk 1:32:06]} 5. Nc3 {[%clk 1:32:16]} e5 {[%clk 1:32:27]}
6. Ndb5 {[%clk 1:32:42]} d6 {[%clk 1:32:50]} 7. Bg5 {[%clk 1:33:06]} a6
{[%clk 1:33:13]} 8. Na3 {[%clk 1:33:30]} b5 {[%clk 1:33:24]} 9. Nd5
{[%clk 1:33:40]} Be7 {[%clk 1:33:46]} 10. Bxf6 {[%clk 1:33:33]} Bxf6
{[%clk 1:34:09]} 11. c3 {[%clk 1:33:56]} Rb8 {[%clk 1:28:18]} 12. Nc2
{[%clk 1:32:12]} Bg5 {[%clk 1:28:35]} 13. Be2 {[%clk 1:31:55]} O-O
{[%clk 1:27:47]} 14. O-O {[%clk 1:32:14]} Be6 {[%clk 1:23:56]} 15. Qd3
{[%clk 1:27:17]} Kh8 {[%clk 1:07:55]} 16. Rfd1 {[%clk 1:22:00]} Qc8
{[%clk 1:03:26]} 17. Nce3 {[%clk 1:09:42]} g6 {[%clk 0:55:58]} 18. a4
{[%clk 0:55:24]} f5 {[%clk 0:50:20]} 19. Bf3 {[%clk 0:48:34]} bxa4
{[%clk 0:33:36]} 20. Rxa4 {[%clk 0:30:31]} fxe4 {[%clk 0:28:39]} 21. Qxe4
{[%clk 0:24:41]} Rxb2 {[%clk 0:19:38]} 22. Nc4 {[%clk 0:18:08]} Bf5
{[%clk 0:17:07]} 23. Qe1 {[%clk 0:17:37]} Rc2 {[%clk 0:05:53]} 24. Nxd6
{[%clk 0:13:27]} Qb8 {[%clk 0:04:56]} 25. Rxa6 {[%clk 0:10:04]} Qxd6
{[%clk 0:03:26]} 26. Nb4 {[%clk 0:10:11]} Rd2 {[%clk 0:01:08]} 27. Rxc6
{[%clk 0:06:29]} Rxd1 {[%clk 0:01:28]} 28. Bxd1 {[%clk 0:05:50]} Qe7
{[%clk 0:01:46]} 29. Bb3 {[%clk 0:04:12]} e4 {[%clk 0:01:44]} 30. Nd5
{[%clk 0:03:01]} Qb7 {[%clk 0:01:58]} 31. Rb6 {[%clk 0:02:47]} Qg7
{[%clk 0:01:59]} 32. h3 {[%clk 0:02:09]} Bh4 {[%clk 0:01:35]} 33. g3
{[%clk 0:02:00]} Bg5 {[%clk 0:01:22]} 34. h4 {[%clk 0:01:58]} Bd8
{[%clk 0:01:19]} 35. Rb4 {[%clk 0:01:11]} g5 {[%clk 0:01:03]} 36. hxg5
{[%clk 0:00:51]} Bxg5 {[%clk 0:00:58]} 37. Ne3 {[%clk 0:00:53]} Bg6
{[%clk 0:01:14]} 38. Bd5 {[%clk 0:00:56]} Qe5 {[%clk 0:00:50]} 39. c4
{[%clk 0:00:52]} h5 {[%clk 0:00:47]} 40. Rb3 {[%clk 0:01:12]} Rf3
{[%clk 0:01:07]} 41. Qc3 {[%clk 0:01:25]} Qxc3 {[%clk 0:01:01]} 42. Rxc3
{[%clk 0:01:52]} h4 {[%clk 0:01:18]} 43. gxh4 {[%clk 0:01:34]} Bxh4
{[%clk 0:01:42]} 44. Nd1 {[%clk 0:02:02]} Bxf2+ {[%clk 0:01:55]} 45. Kg2
{[%clk 0:02:08]} Rxc3 {[%clk 0:01:44]} 46. Nxc3 {[%clk 0:02:33]} e3
{[%clk 0:01:42]} 47. Bf3 {[%clk 0:02:20]} Be1 {[%clk 0:01:55]} 48. Nd5
{[%clk 0:02:19]} Bd2 {[%clk 0:01:50]} 49. Nxe3 {[%clk 0:01:41]} 1/2-1/2